| 000 | 00333nam a2200109Ia 4500 | ||
|---|---|---|---|
| 008 | 220214s9999 xx 000 0 und d | ||
| 100 |
_aSoares Welington _cetal |
||
| 245 | 0 | _aUse of mixtures of herbicides in rubber tree plantations in formation | |
| 260 |
_bPesquisa Agropecuaria Brasileira _c1985 |
||
| 300 | _a1183-1189 | ||
| 942 | _cRE | ||
| 999 |
_c45779 _d45779 |
||